000 01231nam a22004570a 4500
001 PT54402
003 AR-LpoUNG
005 20210131231624.0
008 191001s2014||||ag |||||||||||||||||spa d
020 _a9789871855889
_c$9,45
040 _aAR-LpoUNG
_bspa
_cAR-LpoUNG
_eaacr
041 _aspa
044 _aag
082 0 _a982.063 699nue
100 1 _aTortti, María Cristina
_edir.
245 1 3 _aLa nueva izquierda argentina :
_b1955-1976 : socialismo, peronismo y revolución
250 _a1ra. ed.
260 _aRosario :
_bProhistoria,
_c2014.
300 _a252 p. :
_bmapas
650 4 _aANALISIS HISTORICO
650 4 _aARGENTINA
650 4 _aCOMUNISMO
650 4 _aELECCIONES
650 4 _aHISTORIA POLITICA
650 4 _aIDEOLOGIAS POLITICAS
650 4 _aPARTICIPACION POLITICA
650 4 _aPARTICIPACION SOCIAL
650 4 _aPARTIDOS POLITICOS
650 4 _aREVOLUCION
650 4 _aSOCIALISMO
651 4 _aArgentina
653 _aFAR
653 _aFUERZAS ARMADAS REVOLUCIONARIAS
653 _aMAOISMO
653 _aMONTONEROS
653 _aPERONISMO
700 1 _aCelentano, Adrián
_eco-dir.
700 1 _aChama, Mauricio
_eco-dir.
905 _a54402
942 _cLIB
999 _c11058
_d11058